|
|
|
|
| LEADER |
00000cam a2200000 7i4500 |
| 001 |
0000012863 |
| 005 |
20080103.0 |
| 008 |
080103 |
| 020 |
|
|
|a 9831922166
|
| 090 |
0 |
0 |
|a 371.3
|b ROH
|
| 100 |
0 |
|
|a Rohizani Yaakub
|
| 245 |
1 |
0 |
|a Pedagogi strategi dan teknik mengajar dengan berkesan
|c Rohizani Yaakub, Shahabuddin Hashim, Mohd. Zohir Ahmad
|
| 260 |
|
|
|a Pahang :
|b PTS Publications & Distributors ,
|c 2005
|
| 440 |
|
|
|a Siri pendidikan
|
| 650 |
|
0 |
|a Education
|x Study and teaching
|
| 650 |
|
0 |
|a Teaching
|x Methodology
|
| 700 |
0 |
|
|a Mohd. Zohir Ahmad
|
| 700 |
0 |
|
|a Shahabuddin Hashim
|
| 710 |
0 |
|
|a Title
|
| 999 |
|
|
|a 0000909577
|b Book
|c Adult Collection
|e Cawangan Bandar Tenggara
|
| 999 |
|
|
|a 0000923151
|b Book
|c Adult Collection
|e Cawangan Bukit Gambir
|
| 999 |
|
|
|a 0000923153
|b Book
|c Adult Collection
|e Cawangan Bukit Gambir
|
| 999 |
|
|
|a 0000932841
|b Book
|c Adult Collection
|e Cawangan Tangkak
|
| 999 |
|
|
|a 0000939807
|b Book
|c Adult Collection
|e Cawangan Taman Sri Lambak
|
| 999 |
|
|
|a 0000939809
|b Book
|c Adult Collection
|e Cawangan Taman Sri Lambak
|
| 999 |
|
|
|a 0001010142
|b Book
|c Adult Collection
|e Perbadanan Perpustakaan Awam Johor
|
| 999 |
|
|
|a 0001010143
|b Book
|c Adult Collection
|e Perbadanan Perpustakaan Awam Johor
|
| 999 |
|
|
|a 0001010144
|b Book
|c Adult Collection
|e Perbadanan Perpustakaan Awam Johor
|
| 999 |
|
|
|a 0001010145
|b Book
|c Adult Collection
|e Perbadanan Perpustakaan Awam Johor
|